[Event "Four Nations Chess Challenge"]
[Site "Oslo"]
[Date "2008.02.17"]
[Round "3.3"]
[White "Sveshnikov, Evgeny"]
[Black "Agrest, Evgenij"]
[Result "0-1"]
[WhiteElo "2506"]
[BlackElo "2535"]
[PlyCount "62"]
[EventDate "2008.02.15"]
[EventType "team"]
[EventRounds "3"]
[EventCountry "NOR"]
[WhiteTeam "Latvia"]
[BlackTeam "Sweden"]

1. e4 e6 2. d4 d5 3. e5 c5 4. c3 Qb6 5. Nf3 Nc6 6. a3 Nh6 7. b4 cxd4 8. cxd4
Nf5 9. Bb2 Bd7 10. g4 Nfe7 11. Nc3 Ng6 12. Rc1 Be7 13. h4 Qd8 14. Nb5 a6 15. h5
axb5 16. hxg6 fxg6 17. Bd3 O-O 18. Ke2 Qe8 19. Rh3 Qf7 20. Bb1 Qf4 21. Qd3 Qxg4
22. Rch1 Rf4 23. Rxh7 Raf8 24. Rh8+ Kf7 25. R8h4 Bxh4 26. Rxh4 Qxh4 27. Nxh4
Rxh4 28. Qg3 Rh6 29. Bc1 Nxd4+ 30. Kf1 Rh1+ 31. Kg2 Rg1+ 0-1

[Event "Four Nations Chess Challenge"]
[Site "Oslo"]
[Date "2008.02.17"]
[Round "3.4"]
[White "Hector, Jonny"]
[Black "Neiksans, Arturs"]
[Result "1-0"]
[WhiteElo "2533"]
[BlackElo "2470"]
[PlyCount "73"]
[EventDate "2008.02.15"]
[EventType "team"]
[EventRounds "3"]
[EventCountry "NOR"]
[WhiteTeam "Sweden"]
[BlackTeam "Latvia"]

1. e4 e5 2. Nf3 Nf6 3. d4 exd4 4. e5 Ne4 5. Qe2 Nc5 6. Nxd4 Nc6 7. Be3 Nxd4 8.
Bxd4 Ne6 9. Bc3 Be7 10. Nd2 O-O 11. O-O-O d5 12. exd6 Qxd6 13. Nf3 Qf4+ 14. Kb1
Bd6 15. g3 Qa4 16. Bg2 Bd7 17. Ne5 Bb5 18. Qh5 f6 19. Bd5 Rae8 20. Ng4 Bc6 21.
Rd4 Qb5 22. a4 Qc5 23. Rhd1 Bxd5 24. Rxd5 Qc6 25. Qh4 Nc5 26. Nxf6+ gxf6 27.
Rg5+ Kf7 28. Qxh7+ Ke6 29. Re1+ Be5 30. Bxe5 fxg5 31. Bg7+ Kd5 32. c4+ Kxc4 33.
Qc2+ Kb4 34. Bc3+ Kc4 35. Ba5+ Kd4 36. Qc3+ Kd5 37. Qd2+ 1-0

[Event "Four Nations Chess Challenge"]
[Site "Oslo"]
[Date "2008.02.17"]
[Round "3.5"]
[White "Daskevics, Vadims"]
[Black "Carlsson, Pontus"]
[Result "0-1"]
[WhiteElo "2331"]
[BlackElo "2501"]
[PlyCount "104"]
[EventDate "2008.02.15"]
[EventType "team"]
[EventRounds "3"]
[EventCountry "NOR"]
[WhiteTeam "Latvia"]
[BlackTeam "Sweden"]

1. d4 Nf6 2. c4 e6 3. Nf3 b6 4. a3 Ba6 5. Nbd2 d5 6. Ne5 Be7 7. e3 O-O 8. b3 c5
9. Bb2 Bb7 10. Ndf3 cxd4 11. Qxd4 Nc6 12. Nxc6 Bxc6 13. Qf4 Rc8 14. Ne5 Bb7 15.
Rd1 b5 16. b4 bxc4 17. Bxc4 Ne4 18. Bd3 Nc3 19. Ng4 f6 20. Rd2 Qc7 21. Qg3 Ne4
22. Bxe4 dxe4 23. Qxc7 Rxc7 24. f4 exf3 25. gxf3 h5 26. Nf2 Bxf3 27. Rg1 Rd8
28. e4 Rc4 29. e5 f5 30. Rg3 Bd5 31. Bd4 Rc1+ 32. Ke2 f4 33. Rc3 f3+ 34. Kd3
Rxc3+ 35. Kxc3 Bg5 36. Rb2 a6 37. Nd3 Rc8+ 38. Nc5 Bc1 39. Rb1 Bf4 40. Rb2 g5
41. a4 g4 42. b5 axb5 43. axb5 h4 44. b6 g3 45. hxg3 hxg3 46. b7 Bxb7 47. Rxb7
f2 48. Rb1 Bxe5 49. Bxe5 Rxc5+ 50. Kd4 Rxe5 51. Kxe5 g2 52. Rb8+ Kg7 0-1

[Event "Four Nations Chess Challenge"]
[Site "Oslo"]
[Date "2008.02.17"]
[Round "3.6"]
[White "Cramling, Pia"]
[Black "Reizniece, Dana"]
[Result "1-0"]
[WhiteElo "2524"]
[BlackElo "2309"]
[PlyCount "95"]
[EventDate "2008.02.15"]
[EventType "team"]
[EventRounds "3"]
[EventCountry "NOR"]
[WhiteTeam "Sweden"]
[BlackTeam "Latvia"]

1. d4 Nf6 2. Nf3 g6 3. c4 Bg7 4. Nc3 O-O 5. Bg5 d6 6. e3 c6 7. Be2 Nbd7 8. h3
Qc7 9. O-O e5 10. b4 a5 11. b5 h6 12. Bh4 g5 13. Bg3 Ne8 14. bxc6 bxc6 15. c5
dxc5 16. Rc1 cxd4 17. Nxd4 Nb8 18. Bf3 Qd7 19. Nxc6 Nxc6 20. Na4 Qe7 21. Bxc6
Rb8 22. Rc5 Be6 23. Qd2 Nd6 24. Rfc1 Rb4 25. Nb2 Rfb8 26. Nd3 Nc4 27. Qc2 Rb2
28. Nxb2 Rxb2 29. Rxc4 Rxc2 30. R4xc2 f5 31. f3 h5 32. Bb5 g4 33. Rc6 Qb4 34.
a4 Bd7 35. R6c4 Qd2 36. Bxd7 Qxd7 37. Rc8+ Kh7 38. R8c7 Qd2 39. hxg4 hxg4 40.
fxg4 f4 41. exf4 Qe3+ 42. Bf2 Qxf4 43. Rd1 Qxg4 44. Rdd7 Qe2 45. Rxg7+ Kh6 46.
Rg3 Qe4 47. Be3+ Kh5 48. Rcg7 1-0

[Event "Four Nations Chess Challenge"]
[Site "Oslo"]
[Date "2008.02.17"]
[Round "3.8"]
[White "Andersson, Christin"]
[Black "Voronova, Tatiana"]
[Result "1/2-1/2"]
[WhiteElo "2194"]
[BlackElo "2242"]
[PlyCount "75"]
[EventDate "2008.02.15"]
[EventType "team"]
[EventRounds "3"]
[EventCountry "NOR"]
[WhiteTeam "Sweden"]
[BlackTeam "Latvia"]

1. e4 g6 2. d4 Bg7 3. Be3 d6 4. Nc3 a6 5. Qd2 Nd7 6. f4 Ndf6 7. h3 d5 8. e5 Ne4
9. Nxe4 dxe4 10. g4 h5 11. g5 f6 12. gxf6 exf6 13. Qg2 Bf5 14. O-O-O Qd5 15. c4
Qa5 16. Kb1 O-O-O 17. exf6 Nxf6 18. Ne2 h4 19. Nc3 c6 20. Be2 Rd7 21. Rd2 b5
22. cxb5 axb5 23. Bg4 b4 24. Bxf5 gxf5 25. Nd1 Nd5 26. Rc2 Kc7 27. Qg6 Rh6 28.
Qg5 Bf8 29. Bf2 Rhh7 30. Ne3 b3 31. Nxd5+ Qxd5 32. axb3 e3 33. Rhc1 exf2 34.
Qg6 Bd6 35. Qe8 Qe4 36. Qxe4 fxe4 37. Rxf2 Rde7 38. Re1 {draw in 136 moves}
1/2-1/2

[Event "Four Nations Chess Challenge"]
[Site "Oslo"]
[Date "2008.02.17"]
[Round "3.9"]
[White "Ni, Viktorija"]
[Black "Agrest, Inna"]
[Result "1-0"]
[WhiteElo "2132"]
[BlackElo "2168"]
[PlyCount "55"]
[EventDate "2008.02.15"]
[EventType "team"]
[EventRounds "3"]
[EventCountry "NOR"]
[WhiteTeam "Latvia"]
[BlackTeam "Sweden"]

1. d4 Nf6 2. c4 c5 3. d5 e5 4. Nc3 d6 5. e4 Be7 6. h3 h5 7. Be2 g6 8. Be3 Nh7
9. g4 h4 10. Nf3 f5 11. gxf5 gxf5 12. exf5 Bxf5 13. Bd3 Bxd3 14. Qxd3 Nf8 15.
Rg1 Nbd7 16. Rg7 Bf6 17. Rg4 Qb6 18. O-O-O O-O-O 19. Ne4 Kb8 20. Rdg1 Be7 21.
Rg7 Re8 22. Bg5 Bd8 23. Bxd8 Qxd8 24. Nfg5 Re7 25. Nf7 Rxf7 26. Rxf7 Rh6 27.
Rgg7 Rg6 28. Rxd7 1-0

[Event "Four Nations Chess Challenge"]
[Site "Oslo"]
[Date "2008.02.17"]
[Round "3.10"]
[White "Frisk, Ellinor"]
[Black "Praude, Renate"]
[Result "1/2-1/2"]
[WhiteElo "2127"]
[BlackElo "2131"]
[PlyCount "32"]
[EventDate "2008.02.15"]
[EventType "team"]
[EventRounds "3"]
[EventCountry "NOR"]
[WhiteTeam "Sweden"]
[BlackTeam "Latvia"]

1. e4 e5 2. Nf3 Nf6 3. Nxe5 d6 4. Nf3 Nxe4 5. d4 d5 6. Bd3 Bd6 7. O-O O-O 8. c4
c6 9. Qc2 Na6 10. a3 f5 11. Nc3 Nc7 12. c5 Be7 13. Ne5 Ne6 14. Ne2 Bf6 15. f4
Bd7 16. Be3 Qe7 1/2-1/2

[Event "Four Nations Chess Challenge"]
[Site "Oslo"]
[Date "2008.02.17"]
[Round "3.1"]
[White "Lie, Kjetil A"]
[Black "Jones, Gawain C"]
[Result "1/2-1/2"]
[WhiteElo "2556"]
[BlackElo "2562"]
[PlyCount "62"]
[EventDate "2008.02.15"]
[EventType "team"]
[EventRounds "3"]
[EventCountry "NOR"]
[WhiteTeam "Norway"]
[BlackTeam "England"]

1. d4 Nf6 2. Nf3 g6 3. Bg5 Bg7 4. Nbd2 d5 5. e3 O-O 6. Bd3 c5 7. c3 Nbd7 8. O-O
b6 9. Re1 Bb7 10. Qb1 Re8 11. a4 Qc8 12. a5 e5 13. dxe5 Nxe5 14. Nxe5 Rxe5 15.
Bf4 Re8 16. axb6 axb6 17. Rxa8 Qxa8 18. Qa1 d4 19. Qxa8 Bxa8 20. cxd4 cxd4 21.
Bb5 Rd8 22. Bc7 Rc8 23. Bxb6 Rb8 24. Ra1 Rxb6 25. Rxa8+ Bf8 26. Bc4 Rxb2 27.
Ra2 Rxa2 28. Bxa2 dxe3 29. fxe3 Ng4 30. Nc4 Bc5 31. h3 Nxe3 1/2-1/2

[Event "Four Nations Chess Challenge"]
[Site "Oslo"]
[Date "2008.02.17"]
[Round "3.2"]
[White "Howell, David"]
[Black "Johannessen, Leif Erlend"]
[Result "0-1"]
[WhiteElo "2521"]
[BlackElo "2528"]
[PlyCount "90"]
[EventDate "2008.02.15"]
[EventType "team"]
[EventRounds "3"]
[EventCountry "NOR"]
[WhiteTeam "England"]
[BlackTeam "Norway"]

1. e4 e5 2. Nf3 Nc6 3. Bc4 Bc5 4. c3 Nf6 5. d3 a6 6. Bb3 Ba7 7. O-O d6 8. Nbd2
O-O 9. h3 h6 10. Re1 Nh5 11. Nf1 Qf6 12. Be3 Nf4 13. Ng3 g6 14. d4 Ne7 15. Nh2
h5 16. Qf3 Kg7 17. Rad1 Rh8 18. Ne2 g5 19. dxe5 dxe5 20. Bxa7 Rxa7 21. Qe3 b6
22. h4 Nxe2+ 23. Qxe2 gxh4 24. f4 Ng6 25. f5 Nf4 26. Qe3 Rg8 27. Rf1 Qg5 28.
Rd2 c5 29. Kh1 Rd7 30. Bd5 Kh7 31. c4 Rg7 32. Nf3 Qg3 33. Qf2 h3 34. Qxg3 Rxg3
35. Nxe5 hxg2+ 36. Rxg2 Nxg2 37. Nxd7 Bxd7 38. Rg1 f6 39. Rxg2 Rxg2 40. Kxg2
Kh6 41. Kf3 Kg5 42. Bf7 h4 43. b3 a5 44. Bg6 Bc6 45. Bf7 a4 0-1

[Event "Four Nations Chess Challenge"]
[Site "Oslo"]
[Date "2008.02.17"]
[Round "3.3"]
[White "Ostenstad, Berge"]
[Black "Williams, Simon"]
[Result "1/2-1/2"]
[WhiteElo "2482"]
[BlackElo "2482"]
[PlyCount "107"]
[EventDate "2008.02.15"]
[EventType "team"]
[EventRounds "3"]
[EventCountry "NOR"]
[WhiteTeam "Norway"]
[BlackTeam "England"]

1. d4 e6 2. Nf3 b6 3. e4 Bb7 4. Bd3 d6 5. O-O Nd7 6. Nbd2 g6 7. a4 a6 8. a5 b5
9. c4 bxc4 10. Nxc4 Ne7 11. Bf4 d5 12. exd5 Nxd5 13. Bg5 Be7 14. Bh6 Bf8 15.
Qd2 Bxh6 16. Qxh6 Qf6 17. Be4 Rg8 18. Qd2 g5 19. Ra3 Qf4 20. Qxf4 gxf4 21. Rb3
Rb8 22. Nce5 f6 23. Nd3 f5 24. Bxd5 Bxd5 25. Rxb8+ Nxb8 26. Nde5 Nc6 27. g3
fxg3 28. fxg3 Bxf3 29. Rxf3 Nxe5 30. dxe5 Rg4 31. Rb3 Re4 32. Rb8+ Kd7 33. Rh8
Rxe5 34. Rxh7+ Kd6 35. b4 Re4 36. Rh8 Rxb4 37. Ra8 Rb1+ 38. Kf2 Rb2+ 39. Ke3
Rxh2 40. Rxa6+ Kd5 41. Ra8 Ra2 42. a6 e5 43. a7 Ra3+ 44. Kd2 Kc4 45. Re8 Ra2+
46. Ke1 Rxa7 47. Rxe5 c5 48. Rxf5 Kd4 49. Kd1 c4 50. Kc2 Ra2+ 51. Kc1 Ra3 52.
Rf4+ Kc5 53. Rf8 Kb4 54. Kb2 1/2-1/2

[Event "Four Nations Chess Challenge"]
[Site "Oslo"]
[Date "2008.02.17"]
[Round "3.4"]
[White "Gordon, Stephen"]
[Black "Djurhuus, Rune"]
[Result "1/2-1/2"]
[WhiteElo "2501"]
[BlackElo "2452"]
[PlyCount "57"]
[EventDate "2008.02.15"]
[EventType "team"]
[EventRounds "3"]
[EventCountry "NOR"]
[WhiteTeam "England"]
[BlackTeam "Norway"]

1. d4 Nf6 2. c4 c5 3. d5 b5 4. cxb5 a6 5. bxa6 g6 6. Nc3 Bxa6 7. g3 d6 8. Bg2
Bg7 9. Nf3 Nbd7 10. Rb1 Nb6 11. b3 Bc8 12. Nh4 h6 13. Qc2 Qd7 14. f4 Bb7 15. e4
Ba6 16. Bf3 O-O 17. Kf2 e6 18. dxe6 Qxe6 19. Kg2 Bb7 20. a4 Rfe8 21. Re1 Nbd5
22. f5 Nb4 23. fxe6 Nxc2 24. exf7+ Kxf7 25. Rf1 Nd4 26. b4 Nxf3 27. Rxf3 cxb4
28. Rxb4 Bc6 29. Nd5 1/2-1/2

[Event "Four Nations Chess Challenge"]
[Site "Oslo"]
[Date "2008.02.17"]
[Round "3.5"]
[White "Lie, Espen"]
[Black "Haslinger, Stewart"]
[Result "1/2-1/2"]
[WhiteElo "2428"]
[BlackElo "2495"]
[PlyCount "47"]
[EventDate "2008.02.15"]
[EventType "team"]
[EventRounds "3"]
[EventCountry "NOR"]
[WhiteTeam "Norway"]
[BlackTeam "England"]

1. e4 e5 2. Nf3 Nc6 3. d4 exd4 4. Bc4 Nf6 5. e5 Ng4 6. Qe2 Qe7 7. Bf4 f6 8.
exf6 Nxf6 9. Nbd2 d5 10. Bb5 Qxe2+ 11. Bxe2 Bf5 12. O-O-O O-O-O 13. Nb3 Be4 14.
Rhg1 Bxf3 15. Bxf3 Ne4 16. Bxe4 dxe4 17. Rge1 e3 18. fxe3 Bb4 19. Rf1 dxe3 20.
Rxd8+ Rxd8 21. Bxe3 Re8 22. Bc5 Bxc5 23. Nxc5 b6 24. Nd3 1/2-1/2

[Event "Four Nations Chess Challenge"]
[Site "Oslo"]
[Date "2008.02.17"]
[Round "3.6"]
[White "Hunt, Harriet"]
[Black "Sahl, Sheila B"]
[Result "1-0"]
[WhiteElo "2457"]
[BlackElo "2227"]
[PlyCount "85"]
[EventDate "2008.02.15"]
[EventType "team"]
[EventRounds "3"]
[EventCountry "NOR"]
[WhiteTeam "England"]
[BlackTeam "Norway"]

1. e4 c5 2. Nf3 d6 3. d4 cxd4 4. Nxd4 Nf6 5. Nc3 a6 6. f4 e5 7. Nf3 Nbd7 8. a4
Be7 9. Bd3 O-O 10. O-O exf4 11. Kh1 Nh5 12. Nd5 Nc5 13. Nxf4 Nxf4 14. Bxf4 Bg4
15. c3 Nxd3 16. Qxd3 Qc7 17. Nd4 Rad8 18. a5 Rfe8 19. Qg3 Bh5 20. e5 Qd7 21.
exd6 Bxd6 22. Bxd6 Qxd6 23. Qxd6 Rxd6 24. Rae1 Rxe1 25. Rxe1 Kf8 26. Re5 Bg6
27. Kg1 f6 28. Rc5 Be4 29. Rc7 f5 30. g3 Rg6 31. Kf2 Rh6 32. h4 Rg6 33. b4 Ke8
34. c4 Rd6 35. Ke3 Rg6 36. Kf4 Rg4+ 37. Ke5 Rxg3 38. Ne6 Bc6 39. Nxg7+ Kd8 40.
Ne6+ Ke8 41. Rxh7 Re3+ 42. Kf6 f4 43. Re7# 1-0

[Event "Four Nations Chess Challenge"]
[Site "Oslo"]
[Date "2008.02.17"]
[Round "3.7"]
[White "Hagesaether, Ellen"]
[Black "Chevannes, Sabrina"]
[Result "1/2-1/2"]
[WhiteElo "2234"]
[BlackElo "2074"]
[PlyCount "81"]
[EventDate "2008.02.15"]
[EventType "team"]
[EventRounds "3"]
[EventCountry "NOR"]
[WhiteTeam "Norway"]
[BlackTeam "England"]

1. e4 c6 2. d3 d5 3. Nd2 e5 4. Ngf3 Bd6 5. g3 Bg4 6. h3 Bh5 7. Bg2 Nd7 8. O-O
Ne7 9. Qe1 Qc7 10. d4 O-O 11. dxe5 Nxe5 12. Nd4 Qb6 13. Qe3 dxe4 14. Nxe4 Nd5
15. Qg5 Qxd4 16. Qxh5 Bc7 17. Rd1 Qb6 18. c4 Nxc4 19. b3 Ne5 20. Bb2 f6 21. Bd4
Qa5 22. Nc5 Nc3 23. Nxb7 Qb4 24. Bxc3 Qxc3 25. Rac1 Qb4 26. Nc5 Bb6 27. Nd3 Qd4
28. Qe2 Rae8 29. Nxe5 Rxe5 30. Qc2 Qb4 31. Bf3 c5 32. Qc4+ Qxc4 33. Rxc4 Rfe8
34. Kg2 Re1 35. Rd7 R1e7 36. Rxe7 Rxe7 37. Be4 Rd7 38. Kf3 Rd4 39. Ke3 Rxc4 40.
bxc4 Kf7 41. h4 1/2-1/2

[Event "Four Nations Chess Challenge"]
[Site "Oslo"]
[Date "2008.02.17"]
[Round "3.8"]
[White "Bhatia, Kanwal"]
[Black "Bjerke, Silje"]
[Result "1-0"]
[WhiteElo "2054"]
[BlackElo "2162"]
[PlyCount "121"]
[EventDate "2008.02.15"]
[EventType "team"]
[EventRounds "3"]
[EventCountry "NOR"]
[WhiteTeam "England"]
[BlackTeam "Norway"]

1. e4 c5 2. c3 g6 3. d4 cxd4 4. cxd4 d5 5. exd5 Nf6 6. Nc3 Nxd5 7. Nf3 Bg7 8.
Be3 O-O 9. Qd2 Nxe3 10. fxe3 b6 11. Bc4 Bb7 12. O-O Nd7 13. Rad1 Nf6 14. Ne5 e6
15. Qe2 Nd5 16. Ng4 h5 17. Nf2 Qg5 18. Nxd5 exd5 19. Nh3 Qe7 20. Bb3 Rae8 21.
Nf4 Qxe3+ 22. Qxe3 Rxe3 23. Bxd5 Bxd5 24. Nxd5 Re2 25. Rf2 Rfe8 26. Nc3 Re1+
27. Rf1 Rxd1 28. Rxd1 Rd8 29. Ne2 Kf8 30. Kf2 Rc8 31. Nc3 Ke7 32. Ke3 f5 33.
Rd3 Rd8 34. Ne2 g5 35. Rc3 Rd7 36. Kd3 Ke6 37. Rc6+ Rd6 38. Rc7 Rd7 39. Rxd7
Kxd7 40. Ng3 f4 41. Nxh5 Bh8 42. Ke4 Ke6 43. b3 b5 44. h4 gxh4 45. Nxf4+ Kd6
46. Nd5 a5 47. a4 Kc6 48. Ne7+ Kb6 49. Nf5 Bf6 50. Kd5 Bg5 51. Nd6 bxa4 52.
bxa4 Bd8 53. Nc4+ Kb7 54. Kc5 Kc8 55. Kb5 Kd7 56. Nxa5 Ke6 57. Nc6 Kd5 58. Nxd8
Kxd4 59. Nc6+ Ke3 60. Ne5 Kf2 61. Ng6 1-0

[Event "Four Nations Chess Challenge"]
[Site "Oslo"]
[Date "2008.02.17"]
[Round "3.9"]
[White "Skytte, Torill"]
[Black "Hegarty, Sarah"]
[Result "0-1"]
[WhiteElo "1971"]
[BlackElo "1974"]
[PlyCount "88"]
[EventDate "2008.02.15"]
[EventType "team"]
[EventRounds "3"]
[EventCountry "NOR"]
[WhiteTeam "Norway"]
[BlackTeam "England"]

1. c4 Nf6 2. Nc3 d5 3. cxd5 Nxd5 4. Qa4+ Nc6 5. Nf3 Nb6 6. Qh4 e5 7. Qxd8+ Kxd8
8. Ng5 Ke8 9. Nb5 Bd6 10. d3 Nb4 11. Kd1 Bd7 12. Nxd6+ cxd6 13. Bd2 a5 14. b3
Ke7 15. a3 Nc6 16. e3 f5 17. Be2 h6 18. Nf3 Rhc8 19. Ke1 Be6 20. Bd1 g5 21. Ke2
Nd5 22. Rc1 b5 23. Ne1 b4 24. a4 Rc7 25. g3 Rac8 26. Bc2 Nc3+ 27. Bxc3 bxc3 28.
h4 g4 29. f3 Nb4 30. Kd1 Rb7 31. Rb1 Rcb8 32. fxg4 fxg4 33. e4 Na6 34. Rf1 Nc5
35. Ke2 Nxb3 36. Bxb3 Rxb3 37. Rc1 Ra3 38. Rf2 Bd7 39. Ke3 Bxa4 40. Rf5 Rb2 41.
Rh5 Raa2 42. d4 Re2+ 43. Kd3 Bb5+ 44. Kxc3 Ra3# 0-1

[Event "Four Nations Chess Challenge"]
[Site "Oslo"]
[Date "2008.02.17"]
[Round "3.10"]
[White "Parmar, Amisha"]
[Black "Khachatorian, Yarazik"]
[Result "1/2-1/2"]
[WhiteElo "1995"]
[BlackElo "2044"]
[PlyCount "33"]
[EventDate "2008.02.15"]
[EventType "team"]
[EventRounds "3"]
[EventCountry "NOR"]
[WhiteTeam "England"]
[BlackTeam "Norway"]

1. e4 e5 2. Nf3 Nf6 3. Nxe5 d6 4. Nf3 Nxe4 5. Nc3 Nxc3 6. dxc3 Be7 7. Bf4 Nc6
8. Qd2 Be6 9. Nd4 Nxd4 10. cxd4 d5 11. Bd3 Qd7 12. O-O O-O 13. c3 Bd6 14. Rfe1
Rfe8 15. Bxd6 Qxd6 16. Re5 Re7 17. Rae1 1/2-1/2